| 000 | 01621nam a2200313 4500 | ||
|---|---|---|---|
| 003 | CO-CtgCURN | ||
| 005 | 20250329165428.0 | ||
| 008 | 160531s2005 000 0 eng d | ||
| 040 |
_aCO-CtgCURN _bspa _ccoctgcurn |
||
| 082 | 0 |
_aENF 2005 _bN238 |
|
| 100 | 1 | _aNarvaez Bello, Claudia Patricia. | |
| 245 | 1 | 0 |
_aComportamiento epidemiologico de la enfermedad de Hansen en personas mayores de 15 años que asisten a las unidades perifericas de atencion en la Empresa Social del Estado Cartagena de Indias, 2003 - 2004 / _cClaudia Patricia Narvaez Bello, Janice Lucia Negrete Hernandez, Greys Rosmeris Rodriguez Torres, asesor, Marcial Barros Colina. |
| 260 |
_aCartagena de Indias : _bCorporación Universitaria Rafael Núñez, _c2005. |
||
| 300 | _a92 h. | ||
| 336 | _2rdacontent | ||
| 337 |
_2rdamedia _asin mediacion _bn |
||
| 338 |
_2rdacarrier _avolumen _bnc |
||
| 500 | _aIncluye anexos. | ||
| 502 | _aTrabajo de grado (Enfermera (o)). Corporacion Universitaria Rafael Nuñez. Facultad de Ciencias de la Salud. Programa de Enfermeria, 2005. | ||
| 504 | _aIncluye bibliografia. | ||
| 590 | _aEnfemeria | ||
| 650 | 0 |
_aEnfermeria _vTesis y disertaciones academicas. |
|
| 700 | 1 | _aNegrete Hernandez, Janice Lucia. | |
| 700 | 1 | _aRodriguez Torres, Greys Rosmeris. | |
| 700 | 1 |
_aBarros Colina, Marcial, _easesor. |
|
| 856 | 7 |
_uhttps://unicurn.sharepoint.com/:b:/s/biblioteca/EbWoqkTkpvNImUTkrpPLLCwBhLoOU4UHZPVZpVIleEZLnQ?e=6dGRDF _zClick aqui para ver el recurso en texto completo |
|
| 942 |
_hENF 2005 _iN238 _2ddc _cTG |
||
| 999 |
_c3683 _d3683 |
||